| 000 | 00722nam a22001817a 4500 | ||
|---|---|---|---|
| 999 |
_c57890 _d57890 |
||
| 005 | 20210326162231.0 | ||
| 008 | 210326s2019 enk||||| |||| 00| 0 eng d | ||
| 020 | _a9781682857441 | ||
| 041 | _aeng | ||
| 080 | _a376-056.2 L-22 | ||
| 100 |
_aLane, Murphy _910767 |
||
| 245 |
_aTeaching Students with Language and Communication Disabilities / _cMurphy Lane. |
||
| 264 |
_aNew York : _bWillford Press, _c2019. |
||
| 300 |
_a272 p. _b26 cm. |
||
| 653 | _aენისა და კომუნიკაციის შეზღუდული შესაძლებლობის მქონე სტუდენტების სწავლება | ||
| 653 | _aპედაგოგიკა | ||
| 942 |
_2udc _cBK |
||